[Event "Biel"]
[Site "34"]
[Date "2001.07.23"]
[Round "1"]
[White "Gelfand, Boris"]
[Black "Kortschnoj, Viktor"]
[Result "0-1"]
[WhiteElo "2714"]
[BlackElo "2617"]
[Annotator "JvR"]
[PlyCount "100"]
[EventDate "2001.07.23"]
[SourceDate "2013.10.27"]

{The thirty-fourth Schachfestival was played from 23 vii until 3 viii 2001.
Six strong grandmasters carried out double rounds. We follow the decided games.
} 1. d4 d5 2. c4 c6 3. Nc3 Nf6 4. Nf3 dxc4 5. a4 Bf5 6. e3 e6 7. Bxc4 Bb4 8.
O-O Nbd7 9. Qe2 Bg4 10. e4 Nb6 11. Bb3 Bxf3 12. Qxf3 Qxd4 13. Rd1 Qe5 $5 14.
Bf4 Qh5 15. Qd3 $5 {
It is difficult for White to find compensation for the pawn.} Nbd7 $5 16. e5 $1
Nxe5 17. Qd4 Bxc3 18. bxc3 $5 Ng6 {Black has a plus.} 19. Bd6 Qa5 20. Bc5 $1 {
The black position remains restricted.} b6 $1 21. Bb4 $2 ({Better is} 21. Ba3
$1 Qe5 22. Qxe5 Nxe5 23. a5 Ng6 $1 {(Kortschnoj).}) 21... Qe5 22. Qxe5 Nxe5 23.
Bd6 Ned7 24. a5 Ne4 25. axb6 Nxd6 $1 {
Kortschnoj returns one pawn for development.} 26. Rxd6 Ke7 27. Rxc6 axb6 28.
Rb1 Rhc8 29. Ba4 Nc5 30. Bb5 $5 Rxc6 31. Bxc6 Ra2 32. h4 Kd8 33. Rd1+ Kc7 34.
Be8 f6 35. Bb5 Ra3 36. c4 e5 37. Kf1 Ra2 38. Rd5 $5 e4 39. h5 h6 40. Kg1 $6 (
40. g3 {offered more resistance.}) 40... Ra3 41. Kh2 Rd3 42. Rf5 Kd6 43. Rf4
Ke5 44. Rg4 Ne6 45. Bc6 Ng5 46. f4+ Kf5 47. Rh4 Ne6 48. g4+ Kxf4 49. g5+ Kxg5
50. Rxe4 Nd4 {Kortschnoj showed great strength at the age of seventy.} 0-1

[Event "Biel"]
[Site "34"]
[Date "2001.07.23"]
[Round "1"]
[White "Svidler, Peter"]
[Black "Grischuk, Alexander"]
[Result "1-0"]
[WhiteElo "2695"]
[BlackElo "2669"]
[Annotator "JvR"]
[PlyCount "65"]
[EventDate "2001.07.23"]
[SourceDate "2013.10.27"]

1. e4 e5 2. Nf3 Nc6 3. Bb5 a6 4. Ba4 Nf6 5. O-O Bc5 6. c3 b5 7. Bc2 d5 8. d4
dxe4 9. Nxe5 Nxe5 10. dxe5 Qxd1 11. Rxd1 Ng4 12. Bxe4 Nxf2 13. Bc6+ Ke7 14. Rd5
Bb6 15. Bg5+ $5 {Svidler tries something new.} ({Theory is} 15. Bxa8 Nd3+ 16.
Kf1 Nxc1) 15... f6 $1 16. exf6+ gxf6 17. Bh4 $1 Ng4+ 18. Kh1 Rb8 19. Nd2 Be6 {
The chances are about equal.} 20. Rh5 $1 {
White takes the initiative on the kingside.} Kf7 $6 (20... Bf2 $1 21. Bxf2
Nxf2+ 22. Kg1 Nd3 23. Nf3 $1 Nxb2 24. Re1 Nd3 $1 25. Re3 {(Svidler)} Rb6 $1 {
brings a fine alternative.}) 21. h3 Ne5 $5 22. Rh6 Ng6 23. Rf1 f5 24. Bg5 {
He has developed an attack.} Kg7 25. Nf3 Bc4 $2 {
Grischuk misses a difficult line.} (25... Rhd8 $3 26. Bxd8 Rxd8 27. Rh5 Rd6 28.
Bb7 Nf4 29. Rh4 Ng6 30. Rd4 Bxd4 31. Nxd4 f4 {defends in an excellent way.})
26. Rd1 $1 {Svidler has an active piece play.} Rbf8 $5 27. h4 $1 {
The attack has become decisive.} Bxa2 $5 28. h5 $1 Ne7 29. Rd7 $1 Re8 30. Ne5
$5 Bc5 31. Nd3 Bb6 32. Bf3 Bc4 33. Ne5 {Grischuk can hardly move.} 1-0

[Event "Biel"]
[Site "34"]
[Date "2001.07.24"]
[Round "2"]
[White "Gelfand, Boris"]
[Black "Pelletier, Yannick"]
[Result "1-0"]
[WhiteElo "2714"]
[BlackElo "2531"]
[Annotator "JvR"]
[PlyCount "110"]
[EventDate "2001.07.23"]
[SourceDate "2013.10.27"]

1. d4 d5 2. c4 c6 3. Nc3 Nf6 4. e3 e6 5. Nf3 Nbd7 6. Bd3 dxc4 7. Bxc4 b5 8. Bd3
Bb7 9. O-O b4 10. Ne4 Be7 11. a3 Nxe4 12. Bxe4 Nf6 13. Bd3 bxa3 14. b3 Qb6 $1 {
Pelletier brings a fine novelty.} 15. Qc2 c5 16. Bxa3 cxd4 17. Nxd4 Bxa3 18.
Rxa3 O-O {The chances are equal.} 19. Rfa1 Rfc8 20. Qd2 e5 21. Nf5 Rd8 22. Qc3
g6 23. Ng3 Qc6 $5 24. Qxc6 Bxc6 25. Bf1 {White pressures on a7.} Rdb8 $5 26.
Bc4 Bd5 27. Bxd5 Nxd5 28. Ne4 Rb4 29. Nd2 Rb7 30. Ra5 Rd8 $5 31. Ne4 Nc7 32.
Rxe5 Rxb3 33. g4 a6 34. Rc5 Rb7 $5 35. Kg2 Ra7 36. f4 Kg7 37. Kf3 Rd5 38. Rc6
a5 39. Nf6 Rd8 40. Ra4 Ne8 $5 41. g5 $5 h6 42. h4 Nxf6 43. gxf6+ Kh7 44. Ke2
Rd5 45. e4 Rh5 46. Rac4 $1 {
Svidler creates winning chances in the double rook ending ingeniously.} Rxh4
47. e5 $1 g5 $2 (47... a4 $1 48. Rc7 Rxc7 49. Rxc7 Rxf4 50. Rxf7+ Kg8 51. Rg7+
Kf8 52. Ke3 g5 {draws (Gelfand)}) ({Another way is} 47... Rd7 48. Rc7 Rh2+ 49.
Ke3 Rh3+ 50. Ke4 Rhd3 {drawn.}) 48. f5 $1 Rxc4 49. Rxc4 a4 50. e6 $1 fxe6 ({Or
} 50... a3 51. e7 a2 52. Rc1 $1 Ra8 53. Ra1) 51. fxe6 Kg6 52. e7 Ra8 53. Rxa4
Rb8 54. Ra6 h5 55. Rd6 Rb2+ {
Gelfand compensated for his loss in the first round.} 1-0

[Event "Biel"]
[Site "34"]
[Date "2001.07.24"]
[Round "2"]
[White "Kortschnoj, Viktor"]
[Black "Grischuk, Alexander"]
[Result "1-0"]
[WhiteElo "2617"]
[BlackElo "2669"]
[Annotator "JvR"]
[PlyCount "97"]
[EventDate "2001.07.23"]
[SourceDate "2013.10.27"]

1. d4 d5 2. c4 e6 3. Nf3 c6 4. e3 f5 5. Bd3 Nf6 6. O-O Bd6 7. b3 Qe7 8. Bb2 b6
9. Qc1 Bb7 10. Ba3 Nbd7 11. cxd5 cxd5 12. Bxd6 Qxd6 13. Nc3 $5 a6 14. Qb2 O-O
15. b4 Rac8 16. a4 Ne4 17. Ne2 Qe7 18. Rfc1 Nd6 19. b5 $1 a5 20. Qa3 Rxc1+ 21.
Rxc1 Rc8 22. Rxc8+ Nxc8 23. Qc3 $5 {
The exchange of queens would be fine too. White has an edge on the queenside.}
Qd6 24. Nf4 Ne7 25. h4 Nf8 26. h5 $1 {He advances on both flanks.} Bc8 27. Ne5
Bd7 28. f3 $5 Be8 29. g4 g5 30. Ne2 Nd7 31. Kg2 h6 32. Ng3 fxg4 33. fxg4 Nxe5
34. dxe5 Qc5 35. Qd2 Qc7 36. Qb2 Kg7 37. Ne2 Kg8 38. Kf2 Bf7 39. Qd4 Kg7 40.
Qc3 Qb8 $5 ({The alternative is} 40... Qxc3 41. Nxc3 Bg8 42. Ne2 Kf7 43. Nd4
Ke8 {and Black has a hard defence.}) 41. Nd4 Qd8 $2 (41... Kf8 $1 42. Nf3 Ke8 {
utilises the black king as a defender.}) 42. Ke2 Bg8 43. Bb1 $1 Kh8 44. Qa3 Nc8
45. Bg6 Kg7 46. Bb1 Kh8 47. Qc1 $1 Ne7 $5 (47... Na7 48. Nc6 Qd7 49. Qf1 $1 {
also wins for White.}) 48. Qf1 Nc8 49. Nc6 $1 {Kortschnoj won again.} 1-0

[Event "Biel"]
[Site "34"]
[Date "2001.07.24"]
[Round "2"]
[White "Lautier, Joel"]
[Black "Svidler, Peter"]
[Result "0-1"]
[WhiteElo "2675"]
[BlackElo "2695"]
[Annotator "JvR"]
[PlyCount "80"]
[EventDate "2001.07.23"]
[SourceDate "2013.10.27"]

1. d4 Nf6 2. c4 g6 3. Nc3 d5 4. Nf3 Bg7 5. Bf4 O-O 6. Rc1 dxc4 7. e3 c5 8. Bxc4
cxd4 9. Nxd4 Bd7 10. Nb3 Qb6 $5 ({Known is} 10... Nc6) 11. O-O Na6 $1 12. Be5
Rfd8 13. Qf3 Bc6 14. e4 Rd7 15. h4 $5 Rad8 16. h5 $6 ({Preferable is} 16. Bf4
$1 h5 17. a3) 16... Nb4 $1 17. hxg6 hxg6 18. Qf4 a5 19. Qg5 $1 {
White threatens Qxg6!} Bxe4 $6 ({Better is} 19... Nd3 $1 20. Bxd3 Rxd3 {
(Svidler).}) 20. Na4 $1 Qa7 21. Nac5 $6 (21. Nbc5 Bf5 22. Nxd7 Rxd7 23. Qh4 {
gains an advantage.}) 21... Rd5 22. Bxd5 Bxd5 23. Bc7 Rc8 24. Na4 Nxa2 25. Bb6
Qa8 26. Rxc8+ Qxc8 27. Nxa5 Qc2 28. b3 $1 Bxb3 29. Nxb3 Qxb3 30. Qa5 {
White has made a useful exchange.} Nd5 31. Bc5 Nf4 32. Re1 $2 (32. Qd8+ Kh7 33.
Nb6 Qe6 34. Qxe7 Qg4 35. g3 Nh3+ 36. Kg2 Nf4+ {draws.}) 32... Qd5 $1 {
Black starts a mate attack.} 33. f3 Qg5 $5 34. g4 Qh4 35. Qd8+ Kh7 36. Qd2 Qg3+
37. Kf1 Qxf3+ 38. Kg1 Qxg4+ 39. Kh1 Qf3+ 40. Kg1 Nc3 $1 {
Kortschnoj and Svidler started with two wins.} 0-1

[Event "Biel"]
[Site "34"]
[Date "2001.07.25"]
[Round "3"]
[White "Pelletier, Yannick"]
[Black "Kortschnoj, Viktor"]
[Result "1-0"]
[WhiteElo "2531"]
[BlackElo "2617"]
[Annotator "JvR"]
[PlyCount "62"]
[EventDate "2001.07.23"]
[SourceDate "2013.10.27"]

1. Nf3 Nf6 2. c4 b6 3. g3 Bb7 4. Bg2 e6 5. O-O Be7 6. Nc3 O-O 7. Re1 d5 8. cxd5
Nxd5 9. e4 Nxc3 10. bxc3 c5 11. d4 cxd4 12. cxd4 Na6 13. Ne5 $5 {
White makes a premature move.} Rc8 14. a3 Bd6 15. Bf4 Qe7 16. Qb3 Rc7 17. Bf1
Rfc8 $5 18. Qa4 Nb8 19. Qxa7 g5 $1 20. Be3 Bxe4 $2 ({Better is} 20... f6 $1)
21. Qxb6 Bxe5 22. dxe5 Bf3 23. Qd6 h6 24. Rac1 Nc6 25. Qxe7 Rxe7 26. Bg2 $2 (
26. Rc3 {wins (Pelletier).}) 26... Bxg2 27. Kxg2 Ree8 28. Rc5 Ne7 29. Rec1 Ra8
30. R1c3 Nd5 31. Rb3 Nxe3+ {His position can be defended easily, but
Kortschnoj overstepped the time limit. Svidler took the sole lead.} 1-0

[Event "Biel"]
[Site "34"]
[Date "2001.07.27"]
[Round "5"]
[White "Kortschnoj, Viktor"]
[Black "Lautier, Joel"]
[Result "1-0"]
[WhiteElo "2617"]
[BlackElo "2675"]
[Annotator "JvR"]
[PlyCount "115"]
[EventDate "2001.07.23"]
[SourceDate "2013.10.27"]

1. Nf3 d5 2. d4 Nf6 3. c4 c6 4. e3 a6 5. Bd3 Bg4 6. Qb3 Qc7 7. Ne5 Bh5 8. cxd5
cxd5 9. Nc3 e6 10. e4 $5 Nc6 11. exd5 Nxe5 12. dxe5 Qxe5+ 13. Be3 Bc5 14. Qa4+
({Not} 14. Qxb7 $2 O-O 15. dxe6 fxe6) 14... Kf8 15. Qf4 $1 Qxf4 16. Bxf4 exd5
17. O-O Re8 18. Rac1 Bd4 19. h3 Be5 (19... Kg8 20. Rfe1 Rxe1+ 21. Rxe1 Bxc3 22.
bxc3 Bg6 23. Bf1 h6) 20. Bxe5 Rxe5 21. Na4 g5 22. Nc5 Kg7 $1 23. Nxb7 {
The chances are equal in the endgame.} Be2 $6 ({Preferable is} 23... Rb8 24.
Bxa6 Re7 25. Nc5 Rxb2 {(Kortschnoj).}) 24. Rfe1 Rhe8 25. Nc5 Bxd3 $5 26. Rxe5
Rxe5 27. Nxd3 Re2 28. Kf1 Rd2 29. Rc3 Rd1+ $6 (29... Ne4 30. Ra3 {
slightly favours White.}) 30. Ke2 Rg1 31. Ne1 Nh5 32. g3 Rh1 33. Ra3 Rxh3 34.
Rxa6 Nf6 35. a4 Ne4 36. Nf3 Rh1 37. a5 Ra1 $2 (37... h5 $1 38. Rb6 h4 39. gxh4
gxh4 {fights for a draw.}) 38. Nd4 $1 {He threatens mate.} h5 39. Nf5+ Kh7 40.
f3 Nc5 41. Rh6+ Kg8 42. Rxh5 Rxa5 43. Rxg5+ {White has gained a pawn.} Kf8 44.
Rh5 $1 Kg8 45. b4 Ra2+ 46. Ke3 Ra3+ 47. Kd4 $1 Ne6+ 48. Kxd5 Rxf3 49. b5 Rb3
50. Kd6 $1 Rb1 51. Ke7 Nf8 52. Rg5+ Ng6+ 53. Kd7 Kf8 54. Nd6 Rb3 55. g4 Rb4 56.
Rf5 Rxg4 57. b6 Rb4 58. b7 {The passed pawn is going to queen.} 1-0

[Event "Biel"]
[Site "34"]
[Date "2001.07.27"]
[Round "5"]
[White "Pelletier, Yannick"]
[Black "Svidler, Peter"]
[Result "1-0"]
[WhiteElo "2531"]
[BlackElo "2695"]
[Annotator "JvR"]
[PlyCount "54"]
[EventDate "2001.07.23"]
[SourceDate "2013.10.27"]

1. Nf3 Nf6 2. c4 g6 3. Nc3 d5 4. cxd5 Nxd5 5. Qb3 Nb6 6. d4 Bg7 7. Bg5 h6 8.
Bh4 Be6 9. Qc2 O-O 10. Rd1 c6 11. e4 $1 ({The quiet alternative is} 11. e3)
11... a5 12. Be2 Na6 13. O-O Nb4 14. Qb1 Bc4 $2 (14... f5 $1 {
charges the centre.}) 15. Bxc4 Nxc4 16. a3 Na6 17. Qa2 b5 $5 18. d5 Bxc3 19.
bxc3 Qd7 $5 20. a4 $1 {Peter had underestimated this move.} Nc5 $5 21. dxc6
Qxc6 22. Bxe7 Rfe8 $5 23. Nd4 Qc8 $2 ({Better is} 23... Qc7 $1 {The pointe is}
24. axb5 $2 Nxe4 $1 25. Nc6 Ne5 $1) 24. axb5 $1 Nxe4 25. Nc6 Ne5 26. Nxe5 Rxe7
27. Nc6 Re6 $2 {White can win a queen. Pelletier had defeated the current
leader of the tournament again. The standings after the first cycle were:
Kortschnoj 31/2/5, Pelletier and Svidler 3, etc.} 1-0

[Event "Biel"]
[Site "34"]
[Date "2001.07.31"]
[Round "8"]
[White "Kortschnoj, Viktor"]
[Black "Pelletier, Yannick"]
[Result "1-0"]
[WhiteElo "2617"]
[BlackElo "2531"]
[Annotator "JvR"]
[PlyCount "93"]
[EventDate "2001.07.23"]
[SourceDate "2013.10.27"]

1. d4 d5 2. c4 c6 3. Nf3 Nf6 4. e3 Bf5 5. Nc3 e6 6. Nh4 Bg6 7. Qb3 Qc7 8. Nxg6
hxg6 9. Bd2 Nbd7 10. g3 Nb6 11. c5 Nbd7 12. Qc2 $5 e5 13. b4 Be7 14. Bg2 Nf8
15. b5 Ne6 16. bxc6 bxc6 17. Qa4 O-O 18. O-O g5 $1 {
Pelletier wants to attack on the kingside.} 19. Rab1 Rfb8 20. Ne2 $5 exd4 $2 {
Pelletier plays too shy.} (20... e4 $1 21. Ba5 Qc8 {gains a plus.}) 21. exd4
Rxb1 22. Rxb1 Nd7 $5 23. Bh3 $1 Rb8 24. Rxb8+ Nxb8 25. f4 gxf4 26. Nxf4 Nxf4
27. Bxf4 Qb7 28. Bxb8 $5 Qxb8 29. Qxc6 Qb1+ 30. Bf1 Qe4 31. Qe8+ Kh7 32. Qxf7
$5 Qxd4+ $5 33. Kg2 {White has an edge in the endgame.} Bxc5 $5 34. Kh3 Qe3 $6
{There is no need to give up a pawn.} 35. Qxd5 g6 36. Bd3 Kh6 37. Be4 Qf2 $2 ({
Better is} 37... Qg5) 38. Qe6 Qf1+ 39. Kh4 $1 Kg7 40. Qxg6+ {
A second pawn falls.} Kf8 41. Qf5+ $2 {He should avoid the exchange.} Qxf5 42.
Bxf5 Bg1 43. Kh3 Kf7 $2 ({Correct is} 43... Bc5 $1 44. g4 Bd6 $1 45. g5 Bf4 $1
{drawn (Pelletier).}) 44. g4 Kf6 45. Kg3 $1 Be3 46. Bc2 Bd2 47. Kh4 $1 {
The king goes to h5. Thereafter, the passed pawns move to h4 and g5 and White
wins. Kortschnoj increased his lead to one point.} 1-0

[Event "Biel"]
[Site "34"]
[Date "2001.08.02"]
[Round "9"]
[White "Lautier, Joel"]
[Black "Kortschnoj, Viktor"]
[Result "1-0"]
[WhiteElo "2675"]
[BlackElo "2617"]
[Annotator "JvR"]
[PlyCount "85"]
[EventDate "2001.07.23"]
[SourceDate "2013.10.27"]

1. d4 Nf6 2. c4 e6 3. Nc3 Bb4 4. Nf3 c5 5. g3 cxd4 6. Nxd4 Ne4 7. Qd3 Nc5 8.
Qe3 d5 $5 9. Bg2 dxc4 10. O-O Ncd7 $1 11. Nd5 Bc5 12. Nxe6 $1 {Lautier charges.
} fxe6 ({The pointe is} 12... Bxe3 $2 13. Ndc7+ Ke7 14. Nxd8 Kxd8 15. Nxa8) 13.
Qxe6+ Be7 14. Bf3 $1 Nf8 $2 ({Better is} 14... Nf6 $1 15. Nxf6+ Kf8 $1 16. Qxc4
Bxf6 17. Bf4 {and White only has a plus (Lautier).}) 15. Qe5 $1 Ne6 16. Bh5+ $1
Kf8 17. Bh6 $1 {White threatens Qf5+.} Kg8 18. Bg4 $1 gxh6 19. Bxe6+ Bxe6 20.
Qxe6+ Kf8 21. Rac1 Nc6 22. Qxh6+ $5 Kf7 23. Qh5+ $2 (23. Rfd1 $1 Qd6 24. Qh5+
Qg6 25. Qf3+ Kg7 26. Nxe7 Nxe7 27. Rxc4 {wins for White.}) 23... Kg7 24. Qg4+
Bg5 25. Nf4 Ne5 $5 {Errors are made under time pressure.} 26. Ne6+ $5 Kf6 27.
Qh3 Qd7 28. Nxg5 Kxg5 29. Qh4+ Kg6 30. Rfd1 Qc6 $5 31. Qe7 $1 Nf7 32. Rd4 $5
Qf6 33. Qe4+ $5 Kg7 34. Rcxc4 Rhd8 $1 35. Rxd8 Rxd8 36. Qxb7 Qe6 37. Rc7 Qxa2
38. b3 Qb1+ 39. Kg2 Qf5 40. e4 Qg6 41. Re7 a6 42. Qc7 Rd1 $4 ({Correct is} 
42... Rd4 $1 43. Qc3 Qd6) 43. Qe5+ $1 {
Kortschnoj kept the sole lead, despite this loss.} ({Material can be gained by
} 43. Qe5+ Kh6 44. Qf4+ Kg7 45. Rxf7+ Qxf7 46. Qg4+ Qg6 47. Qxd1 Qxe4+ 48. Qf3
{(Lautier).}) 1-0

[Event "Biel"]
[Site "34"]
[Date "2001.08.03"]
[Round "10"]
[White "Pelletier, Yannick"]
[Black "Grischuk, Alexander"]
[Result "0-1"]
[WhiteElo "2531"]
[BlackElo "2669"]
[Annotator "JvR"]
[PlyCount "74"]
[EventDate "2001.07.23"]
[SourceDate "2013.10.27"]

{The tournament was decided soon, because Kortschnoj played a quick draw
versus Svidler in the last round. Grischuk was more aggressive.} 1. Nf3 d5 2.
d4 e6 3. c4 dxc4 4. e3 a6 5. Bxc4 c5 6. Bb3 Nf6 7. O-O b5 8. a4 b4 9. Nbd2 Be7
10. a5 Bb7 11. Qe2 Nbd7 12. Ne5 $5 O-O 13. f4 Qc7 14. Ndf3 Bd5 15. Bxd5 exd5
16. b3 cxd4 17. Nxd7 $1 Qxd7 18. Nxd4 Bc5 19. Bb2 Ne4 {
Black has the initiative.} 20. Rfc1 $5 Rfc8 21. Rc2 $5 Bxd4 22. Bxd4 Rxc2 23.
Qxc2 Rc8 24. Qd3 Qc6 25. h3 $6 ({Preferable is} 25. Rf1 f6 26. f5) 25... h5 $1
26. Qd1 Qc2 $5 27. Qxh5 Qf2+ 28. Kh2 Qg3+ 29. Kg1 Qf2+ $6 (29... Rc2 $1 30. Qf3
Qxf3 31. gxf3 Nd2 32. Ra4 Nxf3+ {gains a plus (Grischuk).}) 30. Kh2 Rc2 31. Qg4
$1 {White prevents and threatens mate.} f6 $1 ({Not} 31... g6 $2 32. Ra2 $1)
32. Rd1 $6 (32. h4 $1 Rc7 33. Kh3 {achieves an advantage.}) 32... g5 33. f5 Kf7
$6 34. Bxf6 $4 (34. Ba7 $1 Rd2 $1 35. Rxd2 Qxd2 36. Qh5+ Kg7 37. Qg6+ Kf8 38.
Bd4 Qc2 39. Qh7 Qf2 $1 {(Grischuk)} 40. Qh6+ $1 Kf7 41. Qg6+ Kf8 42. Bc5+ $1
Nxc5 43. Qxf6+ Ke8 44. Qe5+ Kd8 45. Qxd5+ Nd7 46. Qg8+ Kc7 47. Qxg5 {
tries to win.}) 34... Kxf6 35. Rxd5 Qxe3 36. h4 Qf4+ 37. Qxf4 gxf4 {Black has g
ained a piece. The final standings became: Kortschnoj 6/10, Svidler 51/2,
Gelfand 5, Pelletier, Lautier and Grischuk 41/2.} 0-1

[Event "Biel"]
[Site "35"]
[Date "2002.07.22"]
[Round "1"]
[White "Kortschnoj, Viktor"]
[Black "Vallejo Pons, Francisco"]
[Result "1-0"]
[WhiteElo "2626"]
[BlackElo "2648"]
[Annotator "JvR"]
[PlyCount "91"]
[EventDate "2002.07.22"]
[SourceDate "2013.10.27"]

{The thirty-fifth Schachfestival was played from 22 vii until 1 viii 2002. Six
grandmasters carried out double rounds. The important games have been selected.
Support by Crédit Suisse had stopped in 1997. The organisers Peter Burri and
Peter Bohnenblust found new sponsors each year.} 1. d4 d5 2. c4 e6 3. Nf3 Nf6
4. Nc3 c6 5. e3 Nbd7 6. Bd3 dxc4 7. Bxc4 b5 8. Bd3 Bb7 9. O-O a6 10. a4 b4 11.
Ne4 c5 12. Ned2 Be7 13. Re1 O-O $5 14. e4 $5 {
Kortschnoj gives a pawn for the initiative.} cxd4 15. e5 Nd5 16. Nb3 $1 Rc8 17.
Qe2 Qb6 18. a5 Qa7 19. h4 Rfe8 $1 20. h5 f5 $5 (20... Nc5 $1 21. Nfxd4 Nxd3 22.
Qxd3 h6 {equalises.}) 21. exf6 $5 Bxf6 {
Black has gained a pawn, but his pawn structure is weak.} 22. Qe4 $5 Nf8 23.
Qg4 $1 e5 $1 24. Bd2 Qb8 25. Bf5 Rc7 26. Ng5 Qd8 27. Ne4 Bc8 28. Nbc5 {
White pieces attack.} Rc6 $5 (28... Bxf5 29. Qxf5 Qc8 30. Qxc8 Rcxc8 {
makes useful exchanges.}) 29. Nd3 h6 $6 ({Better is} 29... Bxf5 30. Qxf5 b3)
30. Bxb4 {The pawn has been regained at an excellent moment.} Be7 $5 31. Bxe7
Rxe7 32. Ng3 Nf6 33. Qf3 Qe8 $6 34. Nb4 $6 (34. Rxe5 Rxe5 35. Nxe5 Qxe5 36.
Qxc6 Bxf5 37. Qxa6 {achieves a great advantage (Pelletier).}) 34... Rc5 35. Ne4
Bxf5 $2 (35... Nxe4 36. Bxe4 Qf7 {prolongs the game.}) 36. Nxc5 Bg4 37. Qb3+
Kh8 38. Nd5 Nxd5 39. Qxd5 Bxh5 40. Rac1 Ng6 41. Nd3 Kh7 42. Qe4 Qd7 43. f3 $1
Kh8 44. Rc5 Qd6 45. Rc8+ Kh7 46. g4 {Kortschnoj had a great start.} 1-0

[Event "Biel"]
[Site "35"]
[Date "2002.07.22"]
[Round "1"]
[White "Pelletier, Yannick"]
[Black "Smirin, Ilia"]
[Result "1/2-1/2"]
[WhiteElo "2571"]
[BlackElo "2676"]
[Annotator "JvR"]
[PlyCount "81"]
[EventDate "2002.07.22"]
[SourceDate "2013.10.27"]

1. Nf3 Nf6 2. c4 g6 3. Nc3 Bg7 4. d4 O-O 5. e4 d6 6. Be2 e5 7. O-O Nc6 8. d5
Ne7 9. b4 Nh5 10. Re1 f5 11. Ng5 Nf6 12. f3 Nh5 13. c5 Nf4 14. Qb3 fxe4 $5 15.
fxe4 Kh8 16. Bxf4 exf4 17. Rad1 Nc6 $5 {Black delivers a semi-sacrifice.} 18.
Nf7+ $5 Rxf7 19. dxc6 Rf8 20. e5 $1 bxc6 (20... Bxe5 $6 21. Bf3 Qg5 22. Nb5 {
favours White.}) 21. exd6 cxd6 22. cxd6 Bf5 $5 23. Bf3 Rf6 24. b5 $1 Rxd6 25.
bxc6 {He has another passed pawn.} Rb8 $6 ({Preferable is} 25... Rxd1 26. Rxd1
Qe7 27. Nd5 Qc5+ 28. Kh1 Be5) 26. Qc4 Rxd1 27. Rxd1 Qb6+ 28. Kh1 Re8 $2 ({
Better is} 28... Be5 29. Nd5 Qb5 30. Qxb5 Rxb5 31. Rc1 Bb2 32. Re1 Rc5) 29. Nd5
$2 {White misses his only chance to advance the passed pawn.} (29. c7 $1 Be5
30. Qb5 $1 Re7 31. Rd8+ {wins for White (Pelletier).}) 29... Qf2 $1 30. Qf1
Qxa2 31. Nxf4 Qa4 32. Re1 Rf8 33. Ne6 Bxe6 34. Rxe6 a5 35. Qe1 Qc4 $1 36. Re8
Qc5 37. h3 a4 38. Rxf8+ Bxf8 39. Qa1+ Bg7 40. Qxa4 Be5 41. Qd1 {The passed
has been stopped definitely. Smirin had drawn his only problematic game.}
1/2-1/2

[Event "Biel"]
[Site "35"]
[Date "2002.07.22"]
[Round "1"]
[White "Tkachiev, Vladislav"]
[Black "Dreev, Alexey"]
[Result "1-0"]
[WhiteElo "2625"]
[BlackElo "2676"]
[Annotator "JvR"]
[PlyCount "61"]
[EventDate "2002.07.22"]
[SourceDate "2013.10.27"]

1. c4 c6 2. e4 d5 3. cxd5 cxd5 4. exd5 Nf6 5. Nc3 Nxd5 6. Nf3 Nc6 7. Bb5 e6 8.
O-O Be7 9. d4 O-O 10. Re1 Qd6 11. a3 Bd7 $5 ({Usual is} 11... Rd8) 12. Bd3 Rfd8
13. Bc2 Be8 14. Qd3 g6 15. Bh6 Rac8 16. Ne4 Qc7 17. Bb3 Qb6 18. Rad1 Na5 $5 19.
Bxd5 $1 Rxd5 20. b4 Nc6 $5 21. Nc3 $1 Rh5 {
The rook has to go to a vulnerable place.} 22. Bf4 Rf5 23. Bg3 Bf6 24. Ne4 Be7
25. Nc3 Bf6 26. Ne4 Be7 27. Ne5 $1 {White makes an effort to win.} Rd8 $5 28.
Qe3 $5 Rh5 $2 ({Better is} 28... Nxe5 29. Bxe5 f6 $1 30. g4 $5 fxe5 31. gxf5
exf5 32. Nc5 e4) 29. Ng4 $1 Kg7 30. Qc3 Nxd4 $2 31. Bc7 $1 {
Tkachiev gains material.} 1-0

[Event "Biel"]
[Site "35"]
[Date "2002.07.23"]
[Round "2"]
[White "Vallejo Pons, Francisco"]
[Black "Tkachiev, Vladislav"]
[Result "1-0"]
[WhiteElo "2648"]
[BlackElo "2625"]
[Annotator "JvR"]
[PlyCount "87"]
[EventDate "2002.07.22"]
[SourceDate "2013.10.27"]

1. d4 Nf6 2. c4 e6 3. Nf3 b6 4. g3 Ba6 5. Qb3 Nc6 6. Nbd2 d5 7. Bg2 Bb7 $5 8.
O-O Be7 9. cxd5 $1 exd5 10. Ne5 O-O 11. Nxc6 Bxc6 12. Nf3 Bb7 13. Bf4 Re8 14.
Rac1 Bd6 15. Bxd6 Qxd6 16. e3 Re7 $6 (16... c5 $1 {
solves the weakness. The pointe is} 17. dxc5 bxc5 18. Qxb7 $4 Reb8 $1) 17. Rc2
h5 $5 18. Rfc1 Rd8 19. Qa4 a5 20. Qa3 $1 Qxa3 21. bxa3 Ne8 {
Black protects his weak pawn.} 22. Bf1 Ba8 $6 {He spoils time.} 23. a4 $1 f6 $6
{Square g6 becomes weak.} 24. Nh4 Nd6 $2 (24... Kf7 {defends passively.}) 25.
Ng6 $1 Red7 26. Bh3 Kf7 27. Bxd7 Rxd7 28. Nf4 Nc4 29. e4 $1 c6 30. Nxh5 $1 {
White has gained an exchange and a pawn.} b5 31. e5 $1 fxe5 32. dxe5 d4 ({
The pointe is} 32... Nxe5 33. axb5 cxb5 34. Rc7 {and White wins (Gershon).})
33. Nf4 Ke7 34. Nd3 Rd5 35. f4 Bb7 36. Kf2 Bc8 37. axb5 cxb5 38. Rxc4 $1 bxc4
39. Rxc4 Bf5 40. Ke2 Rd7 41. Kd2 Ke6 42. Rc6+ Kd5 43. Rc5+ Ke4 44. e6 $1 {
Vallejo had won a fine positional game.} 1-0